000 00768nam a22002057a 4500
999 _c20376
_d20376
003 AR-CdUCM
008 190305b ||||| |||| 00| 0 spa d
040 _aMUNICIPALIDAD PROVINCIAL DEL CUSCO
_cBIBLIOTECA MUNICIPAL DEL CUSCO
082 _a370.1 /
_bF51
110 _aPublicaciones de la revista de pedagogía
_926666
245 _aFilosofía de la educación /
260 _c1942.
300 _a303 páginas ;
_c19 cm.
440 _aBiblioteca pedagógica.
_n15
_938729
505 _aContenido : La filosofía de la educación desde el punto de vista experimentalista -- La filosofía realista y la educación -- Una filosofía idealista...
650 _aEducación-Filosofía
_94680
650 _aValores sociales
_99934
942 _2ddc
_cLIBROS
945 _arcc